Normal view
MARC view
- Sandhu,Anum Khalid
Entry Personal Name
001 - CONTROL NUMBER
- control field: 5248
003 - CONTROL NUMBER IDENTIFIER
- control field: NUST
005 - DATE AND TIME OF LATEST TRANSACTION
- control field: 20171004151525.0
008 - FIXED-LENGTH DATA ELEMENTS
- fixed length control field: 171004|| aca||aabn | a|a d
040 ## - CATALOGING SOURCE
- Original cataloging agency: NUST
- Transcribing agency: NUST
100 ## - HEADING--PERSONAL NAME
- Personal name: Sandhu,Anum Khalid
670 ## - SOURCE DATA FOUND
- Source citation: Work cat.: (NUST): Sandhu,Anum Khalid, Revisiting demographic social economic factors affecting fertility in Pakistan, 2014
